000 00338nam a22001457a 4500
003 OSt
005 20220223105005.0
008 220223b |||||||| |||| 00| 0 eng d
020 _a0131719831
040 _cHU
082 _a692.5028
100 _aPeterson
_931267
245 _aConstruction Estimating Using Excel
942 _2ddc
_cBOOKS
_n0
999 _c31335
_d31335